000 00780nam a2200193 i 4500
001 bg
003 BPK
005 20140228151156.0
008 070809s2006 pl 000 0 pol d
040 _cBPK
080 _a339.7(4-67)
245 0 0 _aJak efektywnie korzystać z funduszy strukturalnych Unii Europejskiej :
_bwskazówki dla Beneficjentów Funduszy Strukturalnych na podstawie doświadczeń programów przedakcesyjnych /
_coprac. Witold Witkowski
260 _a[Warszawa :
_bMinisterstwo Gospodarki Pracy i Polityki Społecznej,
_c2006].
300 _a50, [1] s. ;
_c30 cm.
650 4 _aProgramy pomocowe UE
_zPolska
700 1 _aWitkowski, Witold.
_eOprac.
710 2 _aPolska.
_bMinisterstwo Gospodarki Pracy i Polityki Społecznej.
942 _cKS
_2UKD
999 _c53796
_d53796
856 _uhttp://koha.tu.koszalin.pl/cgi-bin/koha/opac-detail.pl?biblionumber=53796
_yKatalog online BPK